Missing Word: Premier League Clubs (A-Z) Quiz Stats

 Plays Quiz Updated Mar 27, 2018

Challenge
Share
Tweet
Embed
Score 0/20 Timer 03:00
4 Plays Today
Hint Answer % Correct
Leicester _____City
94.5%
_____ CityManchester
94.2%
Manchester _____United
93.8%
_____ Ham UnitedWest
92.7%
Aston _____Villa
92.7%
Crystal _____Palace
91.7%
_____ HotspurTottenham
90.2%
Nottingham _____Forest
89.8%
_____ Park RangersQueens
89.4%
Blackburn _____Rovers
89.1%
Hint Answer % Correct
_____ WanderersBolton
87.1%
Charlton _____Athletic
85.6%
_____ CountyDerby
83.4%
_____ TownIpswich
78.1%
_____ F.C.Everton
75.9%
_____ UnitedLeeds
75.8%
_____ UnitedNewcastle
75.1%
_____ CityHull
70.6%
_____ AthleticOldham
68.6%
_____ UnitedSheffield
55.3%

Today's Daily Dose

You're not logged in!

Compare scores with friends on all Sporcle quizzes.
Join for Free
OR
Log In

You Might Also Like...

Show Comments

Extras

Top Quizzes Today


Score Distribution

Your Account Isn't Verified!

In order to create a playlist on Sporcle, you need to verify the email address you used during registration. Go to your Sporcle Settings to finish the process.

Report this User

Report this user for behavior that violates our Community Guidelines.

Details: